Boy Scout Law - Statistics

General Stats
  • This quiz has been taken 15 times
  • The average score is 9 of 15
Answer Stats
Word % Correct
A
77%
Loyal
77%
Friendly
69%
Is
69%
Trustworthy
69%
Brave
62%
Clean
62%
Kind
62%
Reverent
62%
Scout
62%
Thrifty
62%
Cheerful
54%
Courteous
54%
Obedient
54%
And
31%
No matching quizzes found
Score Distribution
Percent of People with Each Score
Percentile by Number Answered
Your Score History
You have not taken this quiz